| 000 | 00739nam a2200193 a 4500 | ||
|---|---|---|---|
| 001 | 2785 | ||
| 005 | 20140414132025.0 | ||
| 008 | 051020s19uu xx 00 eng d | ||
| 020 | _a0-698-11381-0 | ||
| 050 |
_aTR _bG75 1988 |
||
| 100 | _aGreenfield, Eloise | ||
| 245 |
_aGrandpa's face / _cEloise Greenfield ; illustrated by Floyd Cooper. |
||
| 260 |
_aNew York : _bThe Putnam & Grosset Group, _c1988. |
||
| 300 | _a1 v. p. : ill. ; cm. | ||
| 520 | _aSeeing her beloved grandfather making a mean face while rehearses for one of his plays, Tamika becomes afraid that someday she will lose his love and he will make a mean face at her. | ||
| 650 |
_aGrandfathers _xFiction. |
||
| 650 |
_aActors and actress _xFiction. |
||
| 999 |
_c113546 _d113546 |
||